00198nam a2200073Ia 4500008004100000082000800041100001900049245005600068240331s9999 xx 000 0 und d bFER aFernando, S. M 0aRituals, folk beliefs and magical arts of Sri Lanka